| 000 | 00422nam a22001217a 4500 | ||
|---|---|---|---|
| 082 | _a200 THE | ||
| 100 |
_aMuhammad Faheem Khalil Paracha _973232 |
||
| 245 | _aTH-SOF-1811-CNN-RNN Based Model for Automated Radiology Report Generation | ||
| 260 |
_aISLAMABAD _bNUST COLLEGE OF EME _c2020 |
||
| 650 |
_aMS-COMPUTER ENGINEERING-18 _973233 |
||
| 700 |
_aSupervisor Dr. Muhammad Usman Akram ABSTRACT. _973234 |
||
| 942 |
_cREF _2ddc |
||
| 999 |
_c579048 _d579048 |
||